Top 10 Languages with the Most Internet Users - Statistics

General Stats
  • This quiz has been taken 1,327 times
  • The average score is 9 of 10
Answer Stats
# Users Language % Correct
509 mil Chinese
99%
565 mil English
99%
164 mil Spanish
98%
59 mil French
96%
75 mil German
92%
99 mil Japanese
89%
82 mil Portuguese
87%
59 mil Russian
87%
65 mil Arabic
85%
39 mil Korean
81%
No matching quizzes found
Score Distribution
Percent of People with Each Score
Percentile by Number Answered
Your Score History
You have not taken this quiz